Számunk szerzői

Elmentve itt :
Bibliográfiai részletek
Dokumentumtípus: Cikk
Megjelent: 2004
Sorozat:Aetas 19 No. 3
Kulcsszavak:Történettudomány - szerzők
Online Access:http://acta.bibl.u-szeged.hu/49572
LEADER 00520nab a2200169 i 4500
001 acta49572
005 20210930125842.0
008 170731s2004 hu o 0|| hun d
022 |a 0237-7934 
040 |a SZTE Egyetemi Kiadványok Repozitórium  |b hun 
041 |a hun 
245 0 0 |a Számunk szerzői  |h [elektronikus dokumentum] 
260 |c 2004 
300 |a 345 
490 0 |a Aetas  |v 19 No. 3 
695 |a Történettudomány - szerzők 
856 4 0 |u http://acta.bibl.u-szeged.hu/49572/1/aetas_2004_003_004_345.pdf  |z Dokumentum-elérés